<?xml version='1.0' encoding='UTF-8'?>
  <record xmlns="http://www.loc.gov/MARC21/slim">
    <leader>00000cam a2200000 i 4500</leader>
    <controlfield tag="001">ocn906541831</controlfield>
    <controlfield tag="003">OCoLC</controlfield>
    <controlfield tag="005">20250307151051.7</controlfield>
    <controlfield tag="008">930405s1728    ne            000 0 dut d</controlfield>
    <datafield tag="040" ind1=" " ind2=" ">
      <subfield code="a">NLGGC</subfield>
      <subfield code="b">dut</subfield>
      <subfield code="e">fobidrtb</subfield>
      <subfield code="c">NLGGC</subfield>
      <subfield code="d">L2U</subfield>
      <subfield code="d">OCLCO</subfield>
      <subfield code="d">OCLCL</subfield>
      <subfield code="d">OCLCQ</subfield>
    </datafield>
    <datafield tag="029" ind1="0" ind2=" ">
      <subfield code="a">NLGGC</subfield>
      <subfield code="b">106516434</subfield>
    </datafield>
    <datafield tag="035" ind1=" " ind2=" ">
      <subfield code="a">(OCoLC)906541831</subfield>
    </datafield>
    <datafield tag="050" ind1=" " ind2="4">
      <subfield code="a">MT68</subfield>
      <subfield code="b">.F529</subfield>
    </datafield>
    <datafield tag="084" ind1=" " ind2=" ">
      <subfield code="a">24.75</subfield>
      <subfield code="2">bcl</subfield>
    </datafield>
    <datafield tag="100" ind1="1" ind2=" ">
      <subfield code="a">Fischer, J.P.A.</subfield>
      <subfield code="q">(Johann Philipp Albrecht),</subfield>
      <subfield code="d">-1778.</subfield>
      <subfield code="1">https://id.oclc.org/worldcat/entity/E39PCjCKv9YtwgT3863YCQvHBX</subfield>
    </datafield>
    <datafield tag="245" ind1="1" ind2="0">
      <subfield code="a">Kort en grondig onderwys van de transpositie, beneffens eenige korte aanmerkingen over de musiek der Ouden, de onnodigheit van eenige modis, en het ut, re, mi, als mede de subsemitonia, of gesneede klavieren :</subfield>
      <subfield code="b">waer noch bygevoegt is, eene korte en gemakkelyke methode, om een klavier gelyk te stemmen /</subfield>
      <subfield code="c">door J.P.A. Fischer.</subfield>
    </datafield>
    <datafield tag="260" ind1=" " ind2=" ">
      <subfield code="a">Tot Utrecht, :</subfield>
      <subfield code="b">by Willem Stouw,</subfield>
      <subfield code="c">1728.</subfield>
    </datafield>
    <datafield tag="300" ind1=" " ind2=" ">
      <subfield code="a">34 p., [1] bl. pl. :</subfield>
      <subfield code="b">muz. ;</subfield>
      <subfield code="c">in-8.</subfield>
    </datafield>
    <datafield tag="336" ind1=" " ind2=" ">
      <subfield code="a">tekst</subfield>
      <subfield code="b">txt</subfield>
      <subfield code="2">rdacontent/dut</subfield>
    </datafield>
    <datafield tag="337" ind1=" " ind2=" ">
      <subfield code="a">zonder medium</subfield>
      <subfield code="b">n</subfield>
      <subfield code="2">rdamedia/dut</subfield>
    </datafield>
    <datafield tag="338" ind1=" " ind2=" ">
      <subfield code="a">band</subfield>
      <subfield code="b">nc</subfield>
      <subfield code="2">rdacarrier/dut</subfield>
    </datafield>
    <datafield tag="510" ind1="0" ind2=" ">
      <subfield code="a">RISM B VI1,</subfield>
      <subfield code="c">p. 318</subfield>
    </datafield>
    <datafield tag="530" ind1=" " ind2=" ">
      <subfield code="a">Titel is geselecteerd voor digitalisering voor de Universiteit van Leiden in het kader van het Google Books-project.</subfield>
    </datafield>
    <datafield tag="650" ind1=" " ind2="7">
      <subfield code="a">24.75 music theory: general.</subfield>
      <subfield code="0">(NL-LeOCL)077601610</subfield>
      <subfield code="2">bcl</subfield>
    </datafield>
    <datafield tag="650" ind1="1" ind2="7">
      <subfield code="a">Muziektheorie.</subfield>
      <subfield code="2">gtt</subfield>
      <subfield code="0">(NL-LeOCL)07859765X</subfield>
    </datafield>
    <datafield tag="650" ind1="1" ind2="7">
      <subfield code="a">Transpositie (muziek)</subfield>
      <subfield code="2">gtt</subfield>
      <subfield code="0">(NL-LeOCL)159325978</subfield>
    </datafield>
    <datafield tag="650" ind1="1" ind2="7">
      <subfield code="a">Stemmen (muziekinstrumenten)</subfield>
      <subfield code="2">gtt</subfield>
      <subfield code="0">(NL-LeOCL)113090706</subfield>
    </datafield>
    <datafield tag="650" ind1="1" ind2="7">
      <subfield code="a">Toetsinstrumenten (muziek)</subfield>
      <subfield code="2">gtt</subfield>
      <subfield code="0">(NL-LeOCL)113084811</subfield>
    </datafield>
    <datafield tag="655" ind1=" " ind2="7">
      <subfield code="a">Leermiddelen (vorm)</subfield>
      <subfield code="2">gtt</subfield>
      <subfield code="0">(NL-LeOCL)088143767</subfield>
    </datafield>
    <datafield tag="776" ind1="0" ind2=" ">
      <subfield code="t">Kort en grondig onderwys van de transpositie, beneffens eenige korte aanmerkingen over de musiek der Ouden, de onnodigheit van eenige modis, en het ut, re, mi, als mede de subsemitonia, of gesneede klavieren</subfield>
      <subfield code="w">(NL-LeOCL)411483730</subfield>
    </datafield>
    <datafield tag="936" ind1=" " ind2=" ">
      <subfield code="a">BATCHLOAD</subfield>
    </datafield>
  </record>